000
00309nam a22001457a 4500
008
210428b ||||| |||| 00| 0 eng d
020
_a
9781269757966
041
_a
eng
080
_a
573
082
_a
573
100
_a
11
101
_a
BIO
245
_a
Campbell Biology
_c
Jane B. Reece
942
_2
udc
_c
BK
999
_c
56882
_d
56882